European Masonry Data Bank (Record no. 119450)

MARC details
000 -LEADER
fixed length control field 00660cam a2200181 4500
001 - CONTROL NUMBER
control field WS104718
008 - FIXED-LENGTH DATA ELEMENTS--GENERAL INFORMATION
fixed length control field 000000n 000 0 eng u
035 ## - SYSTEM CONTROL NUMBER
System control number (Sirsi) u104718
245 ## - TITLE STATEMENT
Title European Masonry Data Bank
520 ## - SUMMARY, ETC.
Summary, etc. An online database for the support and co-operation of masonry related research and testing activities. It allows people to add details of their own research.
650 ## - SUBJECT ADDED ENTRY--TOPICAL TERM
Topical term or geographic name entry element MASONRY
650 ## - SUBJECT ADDED ENTRY--TOPICAL TERM
Topical term or geographic name entry element EUROPE
650 ## - SUBJECT ADDED ENTRY--TOPICAL TERM
Topical term or geographic name entry element RESEARCH
650 ## - SUBJECT ADDED ENTRY--TOPICAL TERM
Topical term or geographic name entry element INTERNATIONAL
690 ## - LOCAL SUBJECT ADDED ENTRY--TOPICAL TERM (OCLC, RLIN)
Topical term or geographic name as entry element BUILT ENVIRONMENT-BUILDING MATERIALS
856 ## - ELECTRONIC LOCATION AND ACCESS
Uniform Resource Identifier <a href="https://itc.fgg.uni-lj.si/emdb">https://itc.fgg.uni-lj.si/emdb</a>
Public note View the website free of charge at itc.fgg.uni-lj.si/emdb...
942 ## - ADDED ENTRY ELEMENTS (KOHA)
Suppress in OPAC 0
Holdings
Withdrawn status Lost status Source of classification or shelving scheme Damaged status Not for loan Home library Current library Shelving location Date acquired Total Checkouts Full call number Barcode Date last seen Copy number Price effective from Koha item type
    Dewey Decimal Classification     Virtual Virtual Online 08/03/2000   WEB SITE 104718-2001 06/08/2019 1 06/08/2019 Online material